| 000 | 00452nam a22001697a 4500 | ||
|---|---|---|---|
| 003 | NUST - PNEC | ||
| 005 | 20170116180753.0 | ||
| 008 | 150313b xxu||||| |||| 00| 0 eng d | ||
| 040 | _cLIBRARY | ||
| 082 | _a891.4391 WAS | ||
| 100 |
_91825 _aWasif Ali Wasif |
||
| 245 |
_aShab e raz (Urdu) _cWasif Ali Wasif |
||
| 260 |
_aLahore : _bKashif Publications, |
||
| 300 |
_a128 p. : _c22 cm. |
||
| 650 |
_91826 _aUrdu Literature _xGeneral |
||
| 942 |
_2ddc _cBK |
||
| 999 |
_c62618 _d62618 |
||